000
00303nam a22001337a 4500
008
170620b xxu||||| |||| 00| 0 eng d
020
_a
0673394891
041
_a
eng
080
_a
327
100
_a
20
101
_a
SHP
245
_a
UNDERSTANDING POLITICAL DEVELOPMENT
_c
WEINER.M
942
_2
udc
_c
BK
999
_c
18276
_d
18276